Feudalismus : materialien zur theorie und geschichte

Αποθηκεύτηκε σε:
Λεπτομέρειες βιβλιογραφικής εγγραφής
Άλλοι συγγραφείς: Kuchenbuch, Ludolf (Επιμελητής έκδοσης), Michael, Bernd (Επιμελητής έκδοσης)
Μορφή: Βιβλίο
Γλώσσα:German
Δημοσίευση: Berlin : Ullstein, 1977
Σειρά:Ullstein Buch ; ; 3354
Θέματα:
Ετικέτες: Προσθήκη ετικέτας
Δεν υπάρχουν, Καταχωρήστε ετικέτα πρώτοι!

MARC

LEADER 00000nam a2200000 i 4500
001 1/81010
008 961009s1977 ger d
020 |a 3-548-03354-7 
035 |l 10005206 
040 |a GR-MY-UA  |b gre  |e aacr 
041 0 |a ger 
245 1 0 |a Feudalismus :  |b materialien zur theorie und geschichte /  |c edited by Ludolf Kuchenbuch in Zusammenarbeit mit Bernd Michael 
260 |a Berlin :   |b Ullstein,   |c 1977 
300 |a 779 p.;  |c 18 cm 
490 1 |a Ullstein Buch  |v ; 3354 
504 |a Bibliography: p. 764-779 
650 0 0 |a Feudalism. 
650 0 0 |a Speeches, addresses, etc. 
700 1 |a Kuchenbuch, Ludolf.  |4 edt 
700 1 |a Michael, Bernd.  |4 edt 
830 0 |a Ullstein Buch ;  |v ; 3354 
852 |a INST  |b LESVOS  |e 19961009  |h 321.3 FEU  |p 005100009094  |q 005100009094  |t BK  |y 0 
909 |a Λ  |b 007028